|
|
|
|
| LEADER |
01708njm a2200349 a 4500 |
| 001 |
001089031 |
| 003 |
CZ BrMZK |
| 005 |
20100409123117.0 |
| 007 |
sd fsngnnmmned |
| 008 |
100304s2008 xo ppn g cze d |
| 024 |
3 |
|
|a 8595016244170
|
| 028 |
0 |
1 |
|a CSM 0538-2
|b Československá muzika
|
| 040 |
|
|
|a BOA001
|b cze
|
| 072 |
|
7 |
|a 784
|x Vokální hudba
|2 Konspekt
|9 9
|
| 080 |
|
|
|a 784.66:379.83/.84
|2 MRF
|
| 080 |
|
|
|a (086.76)
|2 MRF
|
| 245 |
0 |
0 |
|a Na zlatém vandru.
|n 4,
|p Hledám děvče na neděli
|h [zvukový záznam]
|
| 246 |
3 |
0 |
|a Hledám děvče na neděli
|
| 260 |
|
|
|a [Skalica] :
|b Československá muzika,
|c p2008
|
| 300 |
|
|
|a 1 zvuková deska (37:06) :
|b digital ;
|c 12 cm
|
| 306 |
|
|
|a 003706
|
| 500 |
|
|
|a Kompaktní deska (DDD)
|
| 505 |
0 |
0 |
|t Přijďte kamarádi --
|t Pojď kamaráde --
|t Tramp kapitán --
|t Pojď v chatu mou --
|t Píseň severu --
|t Píseň starého pistolníka --
|t Montana --
|t Starý šerif --
|t Krásná Izabel --
|t Námořník má svou holku rád --
|t Houpy, hou --
|t Hvězdička --
|t To naše mládí --
|t Hledám děvče na neděli --
|t Vzpomínka na Svatojánské proudy --
|t Zlatá řeka --
|t Už koníček pádí --
|t Všechno na světě přejde --
|t Parohatej Charlie --
|t Cesta mořem --
|t Modrooká panenka --
|t Prodám boudu
|
| 511 |
0 |
|
|a Zpívá sbor Carmen ; hraje Studiová skupina Carmen
|
| 650 |
0 |
7 |
|a trampské písně
|7 ph224481
|y 2001-2010
|2 czenas
|
| 655 |
|
7 |
|a kompaktní desky
|7 fd201991
|2 czenas
|
| 710 |
2 |
|
|a Carmen (pěvecký sbor)
|7 ko2004233381
|
| 710 |
2 |
|
|a Studiová skupina Carmen
|
| 910 |
2 |
|
|a BOA001
|b CDR-1236.555,4
|
| 990 |
|
|
|a AV
|
| 991 |
|
|
|b 201004
|
| 996 |
6 |
|
|b 2610423813
|c CDR-1236.555,4
|l MZK
|r Sklad / do 24 hodin
|n 1
|p p.v.
|w 001113616
|u 000010
|a 1
|e BOA001
|j MZK50
|s P
|